000 00559nam a2200205Ia 4500
003 GCL
008 140319s9999 xx 000 0 eng d
040 _aGCL /
_cGCL
082 0 4 _a709. 7309
_bHP
100 1 _aHEIDE, ROBERT
245 1 0 _aPOPULAR ART DECO: DEPRESSION ARE STYLE AND DESIGN /
_cHEIDE, ROBERT
700 1 _aGILMAN,JOHN
260 _a[S.N] :
_bABBEVILLE PRESS PUBLISHERS ،
_c1991
300 _a228 P.
650 0 4 _aART, MODERN
650 0 4 _aUNITED STATES
650 0 4 _aالبنوك-النقود
650 0 4 _aART DECO
942 _2ddc
_cBK
999 _c20667
_d20667